Loading...
| Current Events | 1 | 20.00 | 100% | 100% | 0% |
| Fine Arts - Classical Music | 6 | 10.00 | 100% | 0% | 0% |
| Fine Arts - Other | 8 | 12.50 | 88% | 25% | 13% |
| Fine Arts - Painting and Sculpture | 6 | 8.33 | 83% | 0% | 0% |
| Geography | 1 | 10.00 | 100% | 0% | 0% |
| History - American | 7 | 14.29 | 100% | 43% | 0% |
| History - European | 5 | 16.00 | 100% | 40% | 20% |
| History - Other | 4 | 17.50 | 100% | 75% | 0% |
| History - World | 2 | 10.00 | 100% | 0% | 0% |
| Literature - American | 4 | 20.00 | 75% | 75% | 50% |
| Literature - British | 6 | 13.33 | 83% | 50% | 0% |
| Literature - European | 5 | 12.00 | 100% | 20% | 0% |
| Literature - World | 3 | 20.00 | 100% | 67% | 33% |
| Mythology | 4 | 17.50 | 100% | 75% | 0% |
| Other Academic | 1 | 20.00 | 100% | 100% | 0% |
| Philosophy | 2 | 10.00 | 100% | 0% | 0% |
| Religion | 3 | 6.67 | 67% | 0% | 0% |
| Science - Biology | 5 | 16.00 | 100% | 60% | 0% |
| Science - Chemistry | 5 | 14.00 | 100% | 40% | 0% |
| Science - Other | 5 | 16.00 | 100% | 60% | 0% |
| Science - Physics | 8 | 11.25 | 100% | 13% | 0% |
| Social Science | 5 | 12.00 | 100% | 20% | 0% |